000 00326nam a2200133Ia 4500
005 20251222155120.0
008 251222s9999||||xx |||||||||||||| ||spa||
082 _aEST. 04
100 _aI.N.Estadisticas,
245 0 _aGuia para el Instructor de Registro Civil Estad.
250 _a1ra. ed.
264 _bINEI
942 _cLIB
999 _c38412
_d38412